Historia antigua de Grecia y Roma

Guardat en:
Dades bibliogràfiques
Autor principal: Fernández Nieto, Francisco Javier (Autor)
Format: Llibre
Idioma:espanyol
Publicat: Valencia Tirant lo Blanch 2005
Matèries:
Etiquetes: Afegir etiqueta
Sense etiquetes, Sigues el primer a etiquetar aquest registre!

MARC

LEADER 00000nam a2200000 a 4500
001 UCI5568
003 CL-VaPUC
005 20241111112837.0
008 080404e20050000SP |||||||||||||||||spa|d
999 |c 329308  |d 329306 
020 |a 8484564614 
040 |c Pontificia Universidad Católica de Valparaíso 
082 0 4 |a 938 FER 2005  |2 21 
100 0 |a Fernández Nieto, Francisco Javier  |e author  |9 528022 
245 1 0 |a Historia antigua de Grecia y Roma 
260 |a Valencia  |b Tirant lo Blanch  |c 2005 
300 |a 648 páginas 
583 |a last modification  |c 20080404 00:00:00  |k Rodrigo Vera 
650 0 |a Civilización griega  |9 267917  |x Historia 
650 0 |a Historia antigua  |9 267521 
650 0 |a Civilización latina  |9 315349  |x Historia 
942 |c BK  |2 ddc 
945 |d 20080404 00:00:00  |a rbrito 
952 |0 0  |1 0  |4 0  |6 938_000000000000000_FER_2005  |7 0  |8 A  |9 413693  |a BIBHIS  |b BIBHIS  |d 2019-11-22  |i 4423844  |o 938 FER 2005  |p 4423844  |r 2023-01-25  |w 2019-11-22  |y BK  |k HIS